Digital Switching Systems (Record no. 8459)

MARC details
000 -LEADER
fixed length control field 00384nam a22001217a 4500
008 - FIXED-LENGTH DATA ELEMENTS--GENERAL INFORMATION
fixed length control field 200219b ||||| |||| 00| 0 eng d
020 ## - INTERNATIONAL STANDARD BOOK NUMBER
International Standard Book Number 9780070483903
082 ## -
Edition number 17th
Classification number 620 ALD
100 ## - MAIN ENTRY--PERSONAL NAME
Personal name ALI, Shyed Riffat
245 ## - TITLE STATEMENT
Title Digital Switching Systems
Remainder of title System Reliability and Analysis
Medium English
250 ## - EDITION STATEMENT
Edition statement 1 edition (1 July 2017)
Remainder of edition statement 240 pages
260 ## - PUBLICATION, DISTRIBUTION, ETC. (IMPRINT)
Place of publication, distribution, etc New Delhi
Name of publisher, distributor, etc McGraw Hill Education
Holdings
Withdrawn status Lost status Source of classification or shelving scheme Damaged status Koha normalized classification for sorting Not for loan Koha collection Location (home branch) Sublocation or collection (holding branch) Date acquired Source of acquisition Currency Cost, normal purchase price Bill Number Koha issues (times borrowed) Koha full call number Piece designation (barcode) Koha date last seen Copy number Actual Cost, discounted price Bill Date Koha item type
    Dewey Decimal Classification   620_000000000000000_ALD   B.Tech(CSE) PIET C-LIBRARY PIET C-LIBRARY 19/02/2020 KIRTI PRAKASHAN NEW DELHI IN Rupees 795.00 IN5960   620 ALD 31635 19/02/2020 1 540.60 03/01/2020 Reference Books

Design & Developed by: PIET Central Library
R70 Miles Stone Pattikalyana Samalkha Panipat 132102
mail ID :- [email protected], Phone No:- 0180-2569700 Ex.216